| Tag |
First Indicator |
Second Indicator |
Subfields |
| LEADER |
00000cam a2200000 a 4500 |
| 001 |
in00001069574 |
| 005 |
20150929095757.0 |
| 008 |
881213s1988 txu s00010 eng d |
| 035 |
|
|
|a (OCoLC)18893510
|
| 035 |
|
|
|9 AFN6566AM
|
| 040 |
|
|
|a IKM
|c IKM
|d UtOrBLW
|
| 049 |
|
|
|a IKMd
|
| 086 |
|
|
|a A1900.7 P422 no.661
|2 txdocs
|
| 099 |
|
9 |
|a A1900.7
|a P422
|a no.661
|
| 100 |
1 |
|
|a Skinner, S. Alan.
|
| 245 |
1 |
0 |
|a Cultural resources survey of the Winnsboro water line /
|c S. Alan Skinner ; submitted to the Brannon Corporation ; prepared by AR Consultants.
|
| 264 |
|
1 |
|a Dallas, TX :
|b AR Consultants,
|c [1988]
|
| 300 |
|
|
|a ii, 37 leaves :
|b maps ;
|c 28 cm.
|
| 336 |
|
|
|a text
|b txt
|2 rdacontent
|
| 337 |
|
|
|a unmediated
|b n
|2 rdamedia
|
| 338 |
|
|
|a volume
|b nc
|2 rdacarrier
|
| 500 |
|
|
|a "March 10, 1988."
|
| 500 |
|
|
|a "Texas Antiquities [Committee] permit number 661."
|
| 504 |
|
|
|a Bibliography: leaves 34-37.
|
| 650 |
|
0 |
|a Archaeological surveying
|z Texas
|z Franklin County.
|
| 650 |
|
0 |
|a Archaeological surveying
|z Texas
|z Wood County.
|
| 651 |
|
0 |
|a Franklin County (Tex.)
|x Antiquities.
|
| 651 |
|
0 |
|a Wood County (Tex.)
|x Antiquities.
|
| 710 |
2 |
|
|a AR Consultants.
|
| 710 |
2 |
|
|a Texas Antiquities Committee.
|
| 999 |
|
|
|a MARS
|
| 999 |
f |
f |
|s 07b08715-fc64-349b-9534-bad89f20e0d9
|i b36c7d6c-79ae-398d-9d1b-cdaf2fd1f315
|t 0
|
| 952 |
f |
f |
|p normal
|a Texas A&M University
|b College Station
|c Sterling C. Evans Library
|d Evans: Texas Documents (Annex 5th floor)
|t 0
|e A1900.7 P422 no.661
|h Superintendent of Documents classification
|i unmediated -- volume
|m A14814503172
|
| 998 |
f |
f |
|a A1900.7 P422 no.661
|t 0
|l Evans: Texas Documents (Annex 5th floor)
|